000 00491nam a22001817a 4500
003 CEME
005 20210628201920.0
008 210208b xxu||||| |||| 00| 0 eng d
020 _a81-203-2331-9
040 _c.
082 _a621.367 DOU
100 _aDougherty, Edward R ,Laplante, Phillip A
_957385
245 _aIntroduction to real time imaging
260 _aNEW DELHI
_bPRENTICE HALL OF INDIA
_c2003
300 _aXI,198P
650 _aREAL TIME IMAGING
_957386
942 _cBK
_2ddc
999 _c567675
_d567675